[О назначении срока для явки беглых разного звания людей в пределы России до 1 сентября 1760 года, и о наказании ослушников сего милостивого указа] (Запись № 10168977)
[ простой вид ]
| 000 -МАРКЕР | |
|---|---|
| контрольное поле | 03003nam0a22004331 4500 |
| 001 - ИДЕНТИФИКАТОР ЗАПИСИ | |
| контрольное поле | RU\NLR\UK\1755 |
| 005 - ИДЕНТИФИКАТОР ВЕРСИИ | |
| контрольное поле | 20260408064835.0 |
| 035 ## - ДРУГИЕ СИСТЕМНЫЕ НОМЕРА | |
| Идентификатор записи | (NLR Aleph) 009799549 |
| 100 ## - ДАННЫЕ ОБЩЕЙ ОБРАБОТКИ | |
| Данные общей обработки | 20260120 rusy50 |
| 101 0# - ЯЗЫК РЕСУРСА | |
| Язык текста, звукозаписи и т.д. | русский |
| 102 ## - СТРАНА ПУБЛИКАЦИИ ИЛИ ПРОИЗВОДСТВА | |
| Страна публикации | Российская Федерация |
| 135 ## - ПОЛЕ КОДИРОВАННЫХ ДАННЫХ: ЭЛЕКТРОННЫЕ РЕСУРСЫ | |
| Кодированные данные для электронного ресурса | crbn 001aaaba |
| 200 1# - ЗАГЛАВИЕ И СВЕДЕНИЯ ОБ ОТВЕТСТВЕННОСТИ | |
| Основное заглавие | [О назначении срока для явки беглых разного звания людей в пределы России до 1 сентября 1760 года, и о наказании ослушников сего милостивого указа] |
| Первые сведения об ответственности | [Манифест Елизаветы Петровны от 16 окт. 1758 г.] |
| 210 ## - ПУБЛИКАЦИЯ, РАСПРОСТРАНЕНИЕ И ДР. | |
| Место издания, распространения и т.д. | [Москва |
| Имя издателя, распространителя и т. д. | Сенат. тип.] |
| Дата издания, распространения и т.д. | 11 нояб. 1758 |
| 215 ## - ФИЗИЧЕСКАЯ ХАРАКТЕРИСТИКА | |
| Специфическое обозначение материала и объем | [1] л. |
| Размеры | 2° |
| 304 ## - ПРИМЕЧАНИЯ, ОТНОСЯЩИЕСЯ К ЗАГЛАВИЮ И СВЕДЕНИЯМ ОБ ОТВЕТСТВЕННОСТИ | |
| Текст примечания | Текст начинается словами: Божиею милостию мы Елисавет Первая императрица и самодержица всероссииская. И прочая, и прочая, и прочая. Понеже как довольно известно, наши природные подданные великороссийские и малороссийские разнаго звания люди... |
| 304 ## - ПРИМЕЧАНИЯ, ОТНОСЯЩИЕСЯ К ЗАГЛАВИЮ И СВЕДЕНИЯМ ОБ ОТВЕТСТВЕННОСТИ | |
| Текст примечания | Назв. указа дано по ПСЗ. |
| 306 ## - ПРИМЕЧАНИЯ, ОТНОСЯЩИЕСЯ К ПУБЛИКАЦИИ, РАСПРОСТРАНЕНИЮ И ИСПОЛНЕНИЯ ИЗДАНИЯ | |
| Текст примечания | Под от М.П.: Печатан в Санктпетербурге при Сенате октября 16, а в Москве в Сенатскои типографии, ноября 11 чисел, 1758 года |
| 321 1# - ПРИМЕЧАНИЯ ОБ ОТДЕЛЬНО ИЗДАННЫХ УКАЗАТЕЛЯХ / РЕФЕРАТАХ / ССЫЛКАХ, ОТРАЖАЮЩИХ КАТАЛОГИЗИРУЕМЫЙ ДОКУМЕНТ | |
| Примечания об указателях, рефератах, ссылках | ПСЗ. Т.15. 10889 |
| 325 ## - ПРИМЕЧАНИЕ О КОПИИ | |
| Текст примечания | Копия доступна в Электрон. б-ке РНБ http://vivaldi.nlr.ru/lk000007060/view |
| 517 1# - ДРУГИЕ ВАРИАНТЫ ЗАГЛАВИЯ | |
| Вариант заглавия | Божиею милостию мы Елисавет Первая императрица и самодержица всероссииская. И прочая, и прочая, и прочая. Понеже как довольно известно, наши природные подданные великороссийские и малороссийские разнаго звания люди |
| 620 ## - МЕСТО И ДАТА ПУБЛИКАЦИИ, ИСПОЛНЕНИЯ И Т. Д. | |
| Город | Москва |
| 702 #0 - ИМЯ ЛИЦА - ВТОРИЧНАЯ ОТВЕТСТВЕННОСТЬ | |
| Код отношения | Подписавшее лицо |
| Материалы, к которым относится поле | rus |
| Графика поля | Кириллица |
| Начальный элемент ввода | Елизавета Петровна |
| Дополнения к именам, кроме дат | императрица российская |
| Даты | 1709-1762 |
| Идентификатор авторитетной/нормативной записи | RU\NLR\AUTH\778655 |
| Системный номер авторитетной/нормативной записи | 118551 |
| 710 01 - НАИМЕНОВАНИЕ ОРГАНИЗАЦИИ - ПЕРВИЧНАЯ ОТВЕТСТВЕННОСТЬ | |
| Начальный элемент ввода | Россия |
| Структурное подразделение | Императрица |
| Идентифицирующий признак | 1741-1762; Елизавета Петровна |
| Идентификатор авторитетной/нормативной записи | RU\NLR\AUTH\8810042736 |
| Системный номер авторитетной/нормативной записи | 584915 |
| 712 02 - НАИМЕНОВАНИЕ ОРГАНИЗАЦИИ - ВТОРИЧНАЯ ОТВЕТСТВЕННОСТЬ | |
| Начальный элемент ввода | Сенатская типография |
| Идентифицирующий признак | Москва |
| Код отношения | Печатник (типограф) |
| 801 #0 - ИСТОЧНИК ЗАПИСИ | |
| Страна | Российская Федерация |
| Организация | NLR |
| Дата составления | 20030129 |
| 852 ## - МЕСТОНАХОЖДЕНИЕ И ШИФР ХРАНЕНИЯ | |
| Идентификатор организации | NLR |
| Шифр хранения (Call Number) | 123/143 |
| 856 #0 - МЕСТОНАХОЖДЕНИЕ ЭЛЕКТРОННЫХ РЕСУРОВ И ДОСТУП К НИМ | |
| Универсальный идентификатор ресурса (Uniform Resource Identifier) | http://vivaldi.nlr.ru/lk000007060/view |
| 856 #1 - МЕСТОНАХОЖДЕНИЕ ЭЛЕКТРОННЫХ РЕСУРОВ И ДОСТУП К НИМ | |
| Универсальный идентификатор ресурса (Uniform Resource Identifier) | http://vivaldi.nlr.ru/lk000007060/cover |
| 856 #2 - МЕСТОНАХОЖДЕНИЕ ЭЛЕКТРОННЫХ РЕСУРОВ И ДОСТУП К НИМ | |
| Универсальный идентификатор ресурса (Uniform Resource Identifier) | http://vivaldi.nlr.ru/lk000007060/text |
| 942 ## - ДОПОЛНИТЕЛЬНЫЕ ЭЛЕМЕНТЫ ЗАПИСИ (АБИС) | |
| Тип экземпляра АБИС | Книга |
| 980 ## - КОЛЛЕКЦИЯ | |
| Название коллекции | Национальная библиография |
| 980 ## - КОЛЛЕКЦИЯ | |
| Название коллекции | Русская книга гражданской печати XVIII в. в библиотеках РФ |
| 980 ## - КОЛЛЕКЦИЯ | |
| Название коллекции | Указы |
| 981 36 - КОЛЛЕКЦИЯ ЭЛЕКТРОННОЙ БИБЛИОТЕКИ | |
| Название коллекции | Цифровой репозиторий РНБ |
| 981 16 - КОЛЛЕКЦИЯ ЭЛЕКТРОННОЙ БИБЛИОТЕКИ | |
| Название коллекции | Законодательные акты Российской империи |
Нет доступных экземпляров.